| 000 | 00401nam a2200145Ia 4500 | ||
|---|---|---|---|
| 008 | 231129s1999||||xx |||||||||||||| ||spa|| | ||
| 020 | _a958-30-0582-7 | ||
| 040 | _bspa | ||
| 082 | _a(i) Co863.44 C292ch | ||
| 100 | _aCaro Victor Eduardo | ||
| 245 | 0 | _aChanchito y las travesuras de Tío Conejo | |
| 260 | _c1999 | ||
| 264 | _aPanamericana | ||
| 942 |
_2ddc _cBKS |
||
| 999 |
_c6882 _d6882 |
||